000 00902cab a2200277 4500
001 WB3416-48
008 090401t1998 xxu||||| |||| 00| 0 eng d
035 _a(Sirsi) u85889
041 _aeng
245 _aBoost for rural services
260 _c1998
350 _a0
490 _aTimes
_v28 April 1998, 6
490 _aIndependent
_v28 April 1998, 6
490 _aDOETR News Release
_v(330/TRANSPORT) 28 April 1998, (5)
520 _aRural areas look set to benefit from a £40m investment in rural bus services, and a Charity Commission review that may mean village shops will be able to apply for charitable status. Provisional allocation by region.
650 _aBUSES
650 _aCHARITY STATUS
650 _aRURAL AREAS
650 _aRURAL SERVICES
650 _aRURAL TRANSPORT
650 _aVILLAGE SHOPS
690 _aRURAL PRACTICE
942 _n0
948 _c29/04/1998
999 _c54035
_d54035